Molecular dynamics
Αποθηκεύτηκε σε:
| Κύριος συγγραφέας: | |
|---|---|
| Μορφή: | Βιβλίο |
| Γλώσσα: | English |
| Δημοσίευση: |
Berlin :
Springer-Verlag,
c1987
|
| Σειρά: | Lecture notes in physics ;
; 258 |
| Θέματα: | |
| Ετικέτες: |
Προσθήκη ετικέτας
Δεν υπάρχουν, Καταχωρήστε ετικέτα πρώτοι!
|
MARC
| LEADER | 00000nam a2200000 i 4500 | ||
|---|---|---|---|
| 001 | 1/64080 | ||
| 008 | 941103s1986 eng d | ||
| 020 | |a 3-540-16789-7 | ||
| 035 | |a 1988 |l 10046901 | ||
| 040 | |a GR-MY-UA |b gre |e aacr | ||
| 041 | 0 | |a eng | |
| 082 | 0 | |a 533.2 | |
| 100 | 1 | |a Hoover, William G. (William Graham) |d 1936- | |
| 245 | 1 | 0 | |a Molecular dynamics / |c Wm.G. Hoover |
| 260 | |a Berlin : |b Springer-Verlag, |c c1987 | ||
| 300 | |a 138 σ.; |c 25 εκ. | ||
| 490 | 1 | |a Lecture notes in physics |v ; 258 | |
| 500 | |a Includes bibliographical references and index | ||
| 650 | 0 | 0 | |a Molecular dynamics. |
| 650 | 0 | 0 | |a Thermodynamics. |
| 830 | 0 | |a Lecture notes in physics ; |v ; 258 | |
| 852 | |a INST |b SAMOS |e 19941103 |h 533.2 HOO |p 005300002931 |q 005300002931 |t BK |y 0 | ||
| 909 | |a Σ |b 009238 | ||